Manual de derecho del trabajo
Guardat en:
| Autor principal: | |
|---|---|
| Altres autors: | |
| Format: | Llibre |
| Idioma: | espanyol |
| Publicat: |
Santiago, Chile
Jurídica de Chile
1987
|
| Col·lecció: | Manuales jurídicos
|
| Matèries: | |
| Etiquetes: |
Afegir etiqueta
Sense etiquetes, Sigues el primer a etiquetar aquest registre!
|
MARC
| LEADER | 00000nam a2200000 a 4500 | ||
|---|---|---|---|
| 001 | UCV0168 | ||
| 003 | CL-VaPUC | ||
| 005 | 20220907112535.0 | ||
| 008 | 880517e19870000CL |||||||||||||||||spa|d | ||
| 999 | |c 208861 |d 208859 | ||
| 040 | |c Pontificia Universidad Católica de Valparaíso | ||
| 082 | 0 | 4 | |a 344.8301 THA 1987 |2 21 |
| 100 | 0 | |a Thayer Arteaga, William |e author |9 294872 | |
| 245 | 1 | 0 | |a Manual de derecho del trabajo |
| 260 | |a Santiago, Chile |b Jurídica de Chile |c 1987 | ||
| 300 | |a 2 volúmenes | ||
| 440 | |a Manuales jurídicos |n 90-92 |9 856850 | ||
| 583 | |a last modification |c 20170710 12:52:06 |k Rodrigo Vera | ||
| 650 | 7 | |a DERECHO LABORAL |2 CL-VaPUC |9 15 | |
| 650 | 7 | |a CONTRATOS COLECTIVOS DE TRABAJO |2 CL-VaPUC |9 255033 | |
| 650 | 0 | |a Contratos de trabajo |9 254966 | |
| 650 | 0 | |a Sindicatos |z CHILE |9 255034 | |
| 700 | |a Novoa Fuenzalida, Patricio |e autor |9 481778 | ||
| 852 | |a BIBDER | ||
| 942 | |c BK |2 ddc | ||
| 945 | |d 19880517 00:00:00 |a mfernand | ||
| 952 | |0 0 |1 0 |4 0 |6 344_830100000000000_THA_1987 |7 0 |8 P |9 183819 |a BIBMEC |b BIBMEC |d 2019-11-14 |h v.1 |i 2502992 |o 344.8301 THA 1987 |p 2502992 |r 2019-11-14 |w 2019-11-14 |y BK |k MEC | ||
| 952 | |0 0 |1 0 |4 0 |6 344_830100000000000_THA_1987 |7 0 |8 A |9 183820 |a BIBDER |b BIBDER |d 2019-11-14 |h v.1 |i 3010376 |o 344.8301 THA 1987 |p 3010376 |r 2023-01-25 |w 2019-11-14 |y BK |k DER | ||